Central Library and Information Centre
Sibsagar Girls' College, Sivasagar : Assam

RAMAYAN KE PATRA ( VOL-1) (Record no. 5877)

MARC details
000 -LEADER
fixed length control field 00315cam a2200145ua 4500
008 - FIXED-LENGTH DATA ELEMENTS--GENERAL INFORMATION
fixed length control field 120411n II |||gr||||Z||||||hin
040 ## - CATALOGING SOURCE
Original cataloging agency MAIN
041 ## - LANGUAGE CODE
-- English
082 ## - DEWEY DECIMAL CLASSIFICATION NUMBER
Classification number 294.592 2 MAH
100 ## - MAIN ENTRY--PERSONAL NAME
Personal name MAH , NANABHAI .
245 ## - TITLE STATEMENT
Title RAMAYAN KE PATRA ( VOL-1)
942 ## - ADDED ENTRY ELEMENTS (KOHA)
Koha item type Books
653 ## - INDEX TERM--UNCONTROLLED
Uncontrolled term RAMAYANA
Holdings
Withdrawn status Lost status Damaged status Not for loan Home library Current library Shelving location Date acquired Total Checkouts Full call number Barcode Date last seen Copy number Price effective from Koha item type Collection code
        Central Library and Information Centre Sibsagar Girls College Central Library and Information Centre Sibsagar Girls College   27.02.2020   294.592 2 MAH 05297 27.02.2020 1 27.02.2020 Books  
        Central Library and Information Centre Sibsagar Girls College Central Library and Information Centre Sibsagar Girls College Religious Books 02.05.1979   294.592 2 MAH 05298 27.02.2020 2 27.02.2020 Books REFHIS


Sibsagar Girl's College © 2020. All rights reserved.
Powered by Koha.
Maintained by Abhijit Borpuzari.